000 01177nam a2200241Ia 4500
008 0000002013 ck a 0000000000spa00
090 _aPUS00 G65a
100 1 _aGonzález, Miguel
_d1950
245 1 0 _aAndy Warhol
_b: serigrafias y peliculas
_c/ curador y textos de Miguel González
300 _a1 plegable [6] p.
_c/ 21 cm.
500 _aExposiciónconmemorando el 32 aniversario de la Fundación Museo Rayo en Roldanillo, Valle, en 2013 \ Donación Lydia Azout, febrero 2013
505 _aOBRAS: Mao, serigrafía sobre papel Flores, serigrafía sobre papel Cartel para la película Querelle de R.W., tipografía sobre papel Marilyn, serigrafía sobre papel Caja de brillo, serigrafía sobre cartón
600 0 0 _a WARHOL, ANDY, 19281987/
_xTRABAJOS PICTORICOS
610 _aMUSEO RAYO. ROLDANILLO, VALLE./
_xEXPOSICIONES/
_xCATALOGOS
650 1 4 _aARTE CONTEMPORANEO ESTADOUNIDENSE
650 1 4 _aARTE POPULAR ESTADOUNIDENSE
650 1 4 _aARTISTAS PLASTICOS ESTADOUNIDENSES
650 1 4 _xCATALOGOS
650 1 4 _xEXPOSICIONES
650 1 4 _aPINTURA ESTADOUNIDENSE
650 1 4 _aSERIGRAFIA
999 _c14559
_d14559
260 _aRoldanillo (Valle): Museo Rayo
_c2013